Zabriskie Point /

में बचाया:
ग्रंथसूची विवरण
मुख्य लेखकों: Fahey, John, (1939-2001) (संगीतकार), Garcia, Jerry (संगीतकार)
निगमित लेखकों: Pink Floyd (gruppo musicale) (संगीतकार), <<The >>Rolling Stones (gruppo musicale) (संगीतकार), Kaleidoscope (gruppo musicale) (संगीतकार), <<The >>youngbloods (gruppo musicale) (संगीतकार), Grateful Dead (gruppo musicale) (संगीतकार)
अन्य लेखक: Guerra, Tonino, (1920-2012) (पटकथा लेखक), Antonioni, Michelangelo (निर्देशक), Shepard, Sam (पटकथा लेखक), Gardner, Fred (पटकथा लेखक), Frechette, Mark (अभिनेता), Halprin, Daria (अभिनेता), People, Clare (पटकथा लेखक)
स्वरूप: स्लाइड
भाषा:इतालवी
विविध भाषाएँ
प्रकाशित: [Milano] : Warner home video, ©2009
टैग: टैग जोड़ें
कोई टैग नहीं, इस रिकॉर्ड को टैग करने वाले पहले व्यक्ति बनें!

MARC

LEADER 00000ngm a22000007i 4500
001 IT\ICCU\TO0\1746681
003 ItRI
005 20260124182901.0
008 091219s2009 it |||||||||||||||k|||||c
024 3 1 |a 5051891004719 
028 4 2 |a DVSZ866993 
028 4 2 |a VFD36010 
040 |b ita 
041 7 |a ita  |a mul  |2 ISO-639-2 
082 |a 791.43  |9 CINEMA  |2 19 
130 0 |a Zabriskie Point <film ; 1970>  |3 IT\ICCU\MOD\0904139 
245 0 0 |a Zabriskie Point /  |c di Antonioni ; written by Michelangelo Antonioni, Fred Gardner, Sam Shepard, Tonino Guerra, Clare Peploe ; musiche di Pink Floyd, Kaleidoscope, Jerry Garcia, John Fahey, The Grateful Dead, The Rolling Stones, The Youngbloods. 
260 |a [Milano] :  |b Warner home video,  |c ©2009 
300 |a 1 DVD video (ca. 109 min.) ;  |c in contenitore, 19 cm 
500 |a Codice area: 2; 2.40:1, 16,9 adatto a ogni tipo di televisore; doppio strato; Dolby digital 1.0 mono; color 
500 |a Tit. del contenitore 
500 |a Produzione cinematografica USA 1970 
500 |a Interpreti: Mark Frechette, Daria Halprin 
500 |a Lingue: italiano, inglese, spagnolo, tedesco, ungherese; sottotitoli: italiano, bulgaro, spagnolo, croato, finlandese, greco, ungherese, norvegese, portoghese, russo, svedese, ebraico, polacco, rumeno, sloveno; non udenti: italiano, inglese 
500 |a Contenuti extra: trailer 
500 |a Vietato ai minori di 18 anni 
700 1 |a Guerra, Tonino,  |d  (1920-2012)  |0 IT\ICCU\CFIV\000716  |4 sce 
700 1 |a Antonioni, Michelangelo  |0 IT\ICCU\CFIV\017310  |4 drt 
700 1 |a Fahey, John,  |d  (1939-2001)  |0 IT\ICCU\CFIV\037469  |4 cmp 
700 1 |a Shepard, Sam  |0 IT\ICCU\CFIV\049074  |4 sce 
700 1 |a Garcia, Jerry  |0 IT\ICCU\LO1V\157697  |4 cmp 
700 1 |a Gardner, Fred  |0 IT\ICCU\MODV\129345  |4 sce 
700 1 |a Frechette, Mark  |0 IT\ICCU\RAVV\094516  |4 act 
700 1 |a Halprin, Daria  |0 IT\ICCU\RAVV\094517  |4 act 
700 1 |a People, Clare  |0 IT\ICCU\RAVV\410815  |4 sce 
710 2 |a Pink Floyd (gruppo musicale)  |0 IT\ICCU\CFIV\010808  |4 cmp 
710 2 |a <<The >>Rolling Stones (gruppo musicale)  |0 IT\ICCU\CFIV\023642  |4 cmp 
710 2 |a Kaleidoscope (gruppo musicale)  |0 IT\ICCU\UBOV\551418  |4 cmp 
710 2 |a <<The >>youngbloods (gruppo musicale)  |0 IT\ICCU\UBOV\551711  |4 cmp 
710 2 |a Grateful Dead (gruppo musicale)  |0 IT\ICCU\VEAV\052943  |4 cmp 
790 1 |a Guerra, Antonio,  |d  (1920-2012)  |3 IT\ICCU\AUFV\001358  |z Guerra, Tonino (1920-2012) 
790 1 |a Wright, Richard,  |d  (1943-2008)  |3 IT\ICCU\LO1V\346865  |y Pink Floyd (gruppo musicale) 
790 1 |a Wood, Ron  |3 IT\ICCU\LO1V\327480  |y The Rolling Stones (gruppo musicale) 
790 1 |a Fahey, John Aloysius  |3 IT\ICCU\SBNV\100589  |z Fahey, John (1939-2001) 
790 1 |a Rogers, Steve  |3 IT\ICCU\CFIV\049077  |z Shepard, Sam 
790 1 |a Rogers, Samuel Shepard  |3 IT\ICCU\CFIV\222881  |z Shepard, Sam 
791 2 |a Rolling Stones  |3 IT\ICCU\CFIV\354853  |z The Rolling Stones (gruppo musicale) 
942 |2 ddc  |c VM  |n 0 
952 |0 0  |1 0  |4 0  |6 VO_857_000000000000000  |7 0  |9 27521  |a BO  |b BO  |d 2026-01-24  |i 7819  |l 0  |o VO 857  |p BO7819  |r 2026-01-24 18:29:01  |w 2026-01-24  |x [Sebina 5] [1 videocassetta]  |y VM  |z 1 videocassetta 
999 |c 23312  |d 23312